000 00525cas a22001935a 4500
001 L89881
008 070618c1982 xxkmr p 0 a0eng
022 1 _a0264-5718
035 _a(Sirsi) u99249
041 0 _aeng
245 0 0 _aFarm Tax and Finance
260 _aBude
_bTax and Financial Publishing
_c1982-
362 _a15(1) February 1998 - 19(8) 2003/2004
554 _a10 per year
651 1 _aUnited Kingdom
_y
690 _aENVIRONMENTAL AND LAND CONSULTANCY-AGRIBUSINESS
942 _n0
948 _c19/02/1998
999 _c118686
_d118686